00672nam a2200145 4500041001200000082001200012100009600024245015900120260006900279300001400348500002400362536004600386650002900432650006500461 aEnglish aRS.0968 aSunitha, A.S.uCentre for the Study of Social Exclusion and Inclusive PolicyvKochi, Kerala aSocio-economic Exclusion:ban investigation into the Intra-community vicissitudes among the tribes of Kerala based on Social Progress Index/cA.S. Sunitha aKochi, Kerala:bIndian Council of Social Science Research,c2017 axv, 151p. aIncluded References aIndian Council of Social Science Research aSocio-economic Exclusion aIntra-CommunityaTribesvTribal governmentxFamilieszKerala